<?xml version="1.0" encoding="UTF-8"?>
<marc:record xmlns:marc="http://www.loc.gov/MARC21/slim">
   <marc:leader>00000nam a2200000 a 4500</marc:leader>
   <marc:datafield ind1="1" ind2=" " tag="100">
      <marc:subfield code="a">Dawson, Shane</marc:subfield>
      <marc:subfield code="4">aut</marc:subfield>
      <marc:subfield code="e">Verfasser/-in</marc:subfield>
   </marc:datafield>
   <marc:datafield ind1=" " ind2=" " tag="653">
      <marc:subfield code="a">America on a shelf</marc:subfield>
   </marc:datafield>
   <marc:datafield ind1=" " ind2=" " tag="653">
      <marc:subfield code="a">Schauspieler</marc:subfield>
   </marc:datafield>
   <marc:datafield ind1=" " ind2=" " tag="653">
      <marc:subfield code="a">Comedian</marc:subfield>
   </marc:datafield>
   <marc:datafield ind1=" " ind2=" " tag="653">
      <marc:subfield code="a">YouTube</marc:subfield>
   </marc:datafield>
   <marc:datafield ind1="0" ind2="0" tag="245">
      <marc:subfield code="a">I hate myselfie</marc:subfield>
   </marc:datafield>
   <marc:datafield ind1="0" ind2="0" tag="245">
      <marc:subfield code="b">a collection of essays by Shane Dawson</marc:subfield>
   </marc:datafield>
   <marc:datafield ind1="0" ind2="0" tag="245">
      <marc:subfield code="c">Dawson, Shane</marc:subfield>
   </marc:datafield>
   <marc:datafield ind1=" " ind2="1" tag="264">
      <marc:subfield code="a">[New York]</marc:subfield>
      <marc:subfield code="b">Atria/Keywords Press</marc:subfield>
      <marc:subfield code="c">2015</marc:subfield>
   </marc:datafield>
   <marc:datafield ind1="1" ind2=" " tag="520">
      <marc:subfield code="a">A brilliant, hilarious, and honest essay collection from #1 New York Times bestselling author and YouTube sensation Shane Dawson about how messy life can get when you’re growing up but how rewarding it can feel when the clean-up is (pretty much) done.&#xD;
&#xD;
From his first vlog back in 2008 to his full-length film directorial debut Not Cool, Shane Dawson has been an open book when it comes to documenting his life. But behind the music video spoofs, TMI love life details, and outrageous commentary on everything the celebrity and Internet world has the nerve to dish out is a guy who grew up in a financially challenged but loving home in Long Beach, California, and who suffered all the teasing and social limitations that arise when you’re a morbidly obese kid with a pretty face, your mom is your best friend, and you can't get a date to save your life.&#xD;
&#xD;
In I Hate Myselfie, Shane steps away from his larger-than-life Internet persona and takes us deep into the experiences of an eccentric and introverted kid, who by observing the strange world around him developed a talent that would inspire millions of fans. Intelligent, hilarious, heartbreaking, and raw, I Hate Myselfie is a collection of eighteen personal essays about how messy life can get when you’re growing up and how rewarding it can feel when the clean-up is (pretty much) done.</marc:subfield>
   </marc:datafield>
   <marc:datafield ind1=" " ind2=" " tag="020">
      <marc:subfield code="a">9781476791548</marc:subfield>
      <marc:subfield code="9">9781476791548</marc:subfield>
   </marc:datafield>
   <marc:datafield ind1=" " ind2=" " tag="041">
      <marc:subfield code="a">eng</marc:subfield>
   </marc:datafield>
   <marc:datafield ind1="1" ind2=" " tag="521">
      <marc:subfield code="a">Jugendliche und Erwachsene</marc:subfield>
   </marc:datafield>
   <marc:datafield ind1=" " ind2=" " tag="338">
      <marc:subfield code="a">Band</marc:subfield>
   </marc:datafield>
   <marc:datafield ind1=" " ind2=" " tag="300">
      <marc:subfield code="a">240 Seiten</marc:subfield>
   </marc:datafield>
</marc:record>
